Statistics for Chelsea FC 2016-2017 PL squad in order of appearances made

Click here to take the quiz!

General Stats

  • This quiz has been taken 55 times
  • The average score is 19 of 24

Answer Stats

AppsAnswer% Correct
36Hazard
100%
35Costa
100%
29Fabregas
96%
36Courtois
96%
37Cahill
96%
35Pedro
96%
34Willian
94%
35Kante
92%
31Alonso
90%
38Azpilicueta
90%
35Matic
90%
33Luiz
88%
9Terry
88%
34Moses
86%
6Loftus -Cheek
74%
2Begovic
68%
9Zouma
64%
20Batshuayi
60%
13Ivanovic
58%
9Oscar
52%
2Ake
52%
10Chalobah
50%
1Kenedy
40%
3Aina
30%

Score Distribution

Percentile by Number Answered

Percent of People with Each Score

Your Score History

You have not taken this quiz